Mémoires du chevalier de Grammont (Registro nro. 155082)

Detalles MARC
000 -LEADER
campo de control de longitud fija 00975nam a22002055i 4500
001 - NÚMERO DE CONTROL
campo de control 155082
003 - IDENTIFICADOR DE NÚMERO DE CONTROL
campo de control ES-MaACL
005 - FECHA Y HORA DE LA ÚLTIMA TRANSACCIÓN
campo de control 20251103205921.0
008 - DATOS DE LONGITUD FIJA--INFORMACIÓN GENERAL
campo de control de longitud fija 040716s1861 fr |||| | fre d
040 ## - FUENTE DE CATALOGACIÓN
Centro catalogador/agencia de origen CAM
Lengua de catalogación spa
Centro/agencia transcriptor CAM
100 1# - ENTRADA PRINCIPAL--NOMBRE DE PERSONA
Nombre de persona Hamilton, Anthony,
Títulos y otros términos asociados al nombre comte,
Fechas asociadas al nombre 1646-1720
9 (RLIN) 154481
245 10 - MENCIÓN DEL TÍTULO
Título Mémoires du chevalier de Grammont
Resto del título : précédés d'une notice sur la vie et les ouvrages d'Hamilton par M. Auger ; suivis de la table des noms propes des Mémoires de Grammont et d'un choix de ses épitres en vers et de la correspondence ; Voyage de Chapelle et de Bachaumont ...
260 ## - PUBLICACIÓN, DISTRIBUCIÓN, ETC.
Lugar de publicación, distribución, etc. Paris :
Nombre del editor, distribuidor, etc. Librairie de Firmin Didot frère, fils et cie,
Fecha de publicación, distribución, etc. 1861 (
Fabricante Typographie de H. Firmin Didot)
300 ## - DESCRIPCIÓN FÍSICA
Extensión XXXVI, 454 p. ;
Dimensiones 18 cm.
700 1# - ENTRADA AGREGADA--NOMBRE PERSONAL
Nombre de persona Grammont, Philibert,
Títulos y otros términos asociados al nombre comte,
Fechas asociadas al nombre 1621-1707
9 (RLIN) 154482
700 1# - ENTRADA AGREGADA--NOMBRE PERSONAL
Nombre de persona Chapelle (
Fechas asociadas al nombre 1626-1686)
9 (RLIN) 154483
700 1# - ENTRADA AGREGADA--NOMBRE PERSONAL
Nombre de persona Auger, Louis Simon.
9 (RLIN) 154488
852 ## - LOCALIZACIÓN
Ubicación ES-MaACL
Número de control de estantería D-2557
Nota libre -- Enc. hol.
Existencias
Estatus retirado Estado de pérdida Estado de daño No para préstamo Colección Biblioteca de origen Biblioteca actual Ubicación en estantería Fecha de adquisición Fuente de adquisición Total de préstamos Signatura topográfica completa Código de barras Visto por última vez Precio de reemplazo Tipo de ítem Koha
        Libros del s. XIX Biblioteca del Ateneo de Madrid Biblioteca del Ateneo de Madrid Sala Valle Inclán 17/01/2008     D-2557 901162223 23/02/2023 23/02/2023 Libro impreso antiguo